Les artistes les plus streamés en France - Avril 2025 - Statistiques

Statistiques générales
  • Ce quiz a été pris 152 fois
  • Le résultat moyen est 8 sur 20
Statistiques - réponses
Streams Chanteur % Correct
183 millions Jul
84%
77 millions Gims
78%
98 millions Ninho
70%
76 millions Tiakola
57%
42 millions Booba
52%
38 millions SCH
52%
51 millions SDM
50%
107 millions Werenoi
50%
56 millions Damso
48%
95 millions Gazo
47%
45 millions Aya Nakamura
46%
91 millions PLK
44%
48 millions Hamza
37%
32 millions Tayc
21%
26 millions Shay
17%
34 millions Leto
12%
40 millions La Fouine
11%
36 millions Franglish
9%
28 millions Kalash
5%
30 millions Joé Dwèt Filé
4%
Aucun quiz correspondant
Distribution des résultats
% des personnes avec chaque résultat
Percentile par nombre de réponses
Votre historique - résultats
Vous n’avez pas pris ce quiz